|
|
|
|
| LEADER |
00000nam0a2200000 4500 |
| 001 |
341266 |
| 005 |
20231102005327.0 |
| 010 |
|
|
|a 9785020387331
|
| 035 |
|
|
|a (RuTPU)RU\TPU\book\368806
|
| 090 |
|
|
|a 341266
|
| 100 |
|
|
|a 20180711d2017 k y0rusy50 ca
|
| 101 |
0 |
|
|a rus
|
| 102 |
|
|
|a RU
|
| 105 |
|
|
|a a z 001zy
|
| 200 |
1 |
|
|a Трубопроводные системы энергетики: математические и компьютерные технологии интеллектуализации
|e [монография]
|f Российская академия наук (РАН), Сибирское отделение (СО), Институт систем энергетики им. Л. А. Мелентьева (ИСЭМ) ; отв. ред. Н. Н. Новицкий
|
| 210 |
|
|
|a Новосибирск
|c Наука
|d 2017
|
| 215 |
|
|
|a 384 с.
|c ил.
|
| 320 |
|
|
|a Библиогр.: с. 361-383
|
| 320 |
|
|
|a Список основных сокращений: с. 6-7
|
| 330 |
|
|
|a В монографии обсуждаются современные проблемы математического и компьютерного моделирования как центрального направления интеллектуализации процессов обоснования и принятия решений по управлению развитием и функционированием трубопроводных систем (ТПС) энергетики различного типа и назначения. Представлены оригинальные модели и методы расчета течений и потокораспределения в ТПС сложной структуры. Рассмотрены новые постановки и методы решения задач идентификации, оптимизации режимов, оптимального развития ТПС в рыночных условиях. Дана характеристика специализированных программных платформ и информационно-вычислительных комплексов для решения задач проектирования, эксплуатации, диспетчерского управления и обучения обслуживающего персонала в ТПС. Книга предназначена для специалистов, занимающихся вопросами теории и практики решения задач управления функционированием и развитием ТПС, включая сотрудников научно-исследовательских, проектных, производственных и внедренческих организаций, преподавателей вузов, аспирантов и студентов.
|
| 606 |
1 |
|
|a Энергетические установки
|x Трубопроводы
|x Колебания
|2 stltpush
|3 (RuTPU)RU\TPU\subj\21304
|9 46322
|
| 606 |
1 |
|
|a Трубопроводные системы
|2 stltpush
|3 (RuTPU)RU\TPU\subj\77542
|9 87743
|
| 610 |
1 |
|
|a жидкости
|
| 610 |
1 |
|
|a газы
|
| 610 |
1 |
|
|a течение
|
| 610 |
1 |
|
|a моделирование
|
| 610 |
1 |
|
|a режимы
|
| 610 |
1 |
|
|a анализ
|
| 610 |
1 |
|
|a потокораспределение
|
| 610 |
1 |
|
|a модели
|
| 610 |
1 |
|
|a применение
|
| 610 |
1 |
|
|a функционирование
|
| 610 |
1 |
|
|a управление
|
| 610 |
1 |
|
|a оптимизация
|
| 610 |
1 |
|
|a информационно-вычислительные комплексы
|
| 675 |
|
|
|a 620.9.002.5
|v 4
|
| 675 |
|
|
|a 621.643
|v 4
|
| 702 |
|
1 |
|a Новицкий
|b Н. Н.
|4 340
|
| 712 |
0 |
2 |
|a Российская академия наук (РАН)
|b Сибирское отделение (СО)
|b Институт систем энергетики им. Л. А. Мелентьева (ИСЭМ)
|c (Иркутск)
|c (1997- )
|2 stltpush
|3 (RuTPU)RU\TPU\col\173
|
| 801 |
|
1 |
|a RU
|b 63413507
|c 20180711
|
| 801 |
|
2 |
|a RU
|b 63413507
|c 20181012
|g RCR
|
| 942 |
|
|
|c BK
|